[Event "FIDE World Cup 2023"]
[Site "Baku AZE"]
[Date "2023.07.31"]
[Round "1.2"]
[White "Saric, Ivan"]
[Black "Beukes, Dante M"]
[Result "1-0"]
[WhiteTitle "GM"]
[BlackTitle "IM"]
[WhiteElo "2657"]
[BlackElo "2180"]
[WhiteFideId "14508150"]
[BlackFideId "15200540"]
[EventDate "2023.07.30"]
[EventType "k.o."]

1. Nf3 d5 2. g3 c5 3. Bg2 Nc6 4. d4 Nf6 5. O-O e6 6. e3 Be7 7. dxc5 Bxc5 8. c4
dxc4 9. Qxd8+ Kxd8 10. Nbd2 Na5 11. Ne5 Ke7 12. Ndxc4 Nxc4 13. Nxc4 Nd5 14. Bd2
Rd8 15. Rac1 f6 16. Rfd1 Rb8 17. a3 Ke8 18. Be1 Nb6 19. Rxd8+ Kxd8 20. Ba5 Ke7
21. b4 Nxc4 22. Bc7 Ra8 23. bxc5 Kd7 24. Bf4 Na5 25. Rd1+ Ke8 26. Bc7 Nc6 27.
Be4 f5 28. Bxc6+ bxc6 29. Rd8+ Ke7 30. Rh8 Bb7 31. Rxh7 Kf6 32. Rh4 Ba6 33. Rd4
Be2 34. f4 Ke7 35. Kf2 Bb5 36. Bd6+ Kf7 37. Be5 Re8 38. a4 Ba6 39. Rd6 Bb7 40.
Bxg7 Ke7 41. Be5 Rc8 42. h4 Rf8 43. h5 1-0

[Event "FIDE World Cup 2023"]
[Site "Baku AZE"]
[Date "2023.07.31"]
[Round "1.2"]
[White "Oatlhotse, Providence"]
[Black "Narayanan, S.L."]
[Result "0-1"]
[WhiteTitle "IM"]
[BlackTitle "GM"]
[WhiteElo "2199"]
[BlackElo "2656"]
[WhiteFideId "11300507"]
[BlackFideId "5058422"]
[EventDate "2023.07.30"]
[EventType "k.o."]

1. d4 Nf6 2. c4 e6 3. Nf3 d5 4. g3 dxc4 5. Bg2 a6 6. a4 Nc6 7. O-O Be7 8. Na3
Na5 9. Bf4 Nd5 10. e4 Nxf4 11. gxf4 Nb3 12. Rb1 b5 13. Nc2 Bb7 14. Qe2 O-O 15.
Rbd1 c5 16. dxc5 Qc7 17. c6 Bxc6 18. Nfd4 Nxd4 19. Nxd4 Rad8 20. f5 e5 21. Nxc6
Qxc6 22. Rd5 Rxd5 23. exd5 Qf6 24. Qe3 Qxf5 25. Qa7 Qf6 26. axb5 axb5 27. Qb7 b4
28. Qc7 Bd6 29. Qxc4 e4 30. Qxe4 Qxb2 31. Rb1 Qc3 32. Qe3 Qf6 33. Qe4 g6 34. h3
Rc8 35. Qf3 Qe5 36. Qe4 Qc3 37. Qg4 Rc4 38. Qf3 Kg7 39. Qe2 b3 40. Bf1 Rb4 41.
Qb2 Qxb2 42. Rxb2 Be5 43. Rb1 b2 44. Be2 f5 45. Kf1 Kf6 46. Ke1 Bf4 47. Bf3 Bc1
48. Ke2 Ke5 49. Kd3 Rb3+ 50. Ke2 Ra3 0-1

[Event "FIDE World Cup 2023"]
[Site "Baku AZE"]
[Date "2023.07.31"]
[Round "1.2"]
[White "Santos Latasa, Jaime"]
[Black "Yang, ching Wei, Austin"]
[Result "1-0"]
[WhiteTitle "GM"]
[BlackTitle "FM"]
[WhiteElo "2656"]
[BlackElo "2212"]
[WhiteFideId "2293307"]
[BlackFideId "16300440"]
[EventDate "2023.07.30"]
[EventType "k.o."]

1. d4 Nf6 2. c4 e6 3. Nc3 Bb4 4. e3 c5 5. Ne2 b6 6. a3 Ba5 7. d5 Bb7 8. Bd2 O-O
9. e4 exd5 10. exd5 d6 11. Ng3 a6 12. Be2 b5 13. b3 Nbd7 14. O-O bxc4 15. bxc4
Ne5 16. Qc2 Bc8 17. f4 Ng6 18. Bd3 Re8 19. h3 Bd7 20. Rab1 Rb8 21. Rxb8 Qxb8 22.
Kh2 Qd8 23. Nge2 Bg4 24. Ng1 Kh8 25. Bc1 Bd7 26. Nf3 Nh5 27. Ne2 Qe7 28. g3 Bf5
29. Bxf5 Qxe2+ 30. Rf2 Qe7 31. Bd3 Qd7 32. Re2 Kg8 33. Qd1 Kf8 34. Ng5 Nf6 35.
Bb2 h6 36. Bxf6 Rxe2+ 37. Qxe2 gxf6 38. Ne4 Kg7 39. Qc2 Bd8 40. Nf2 h5 41. h4
Qe8 42. Kg2 f5 43. Bxf5 Qe3 44. Qd3 Qe1 45. Ne4 Ba5 46. Bxg6 fxg6 47. f5 gxf5
48. Nxd6 f4 49. gxf4 Bd2 50. Qg3+ 1-0

[Event "FIDE World Cup 2023"]
[Site "Baku AZE"]
[Date "2023.07.31"]
[Round "1.2"]
[White "Nsubuga, Haruna"]
[Black "Moussard, Jules"]
[Result "0-1"]
[WhiteTitle "FM"]
[BlackTitle "GM"]
[WhiteElo "2223"]
[BlackElo "2654"]
[WhiteFideId "10000569"]
[BlackFideId "642908"]
[EventDate "2023.07.30"]
[EventType "k.o."]

1. e4 c5 2. Nf3 d6 3. d3 Nc6 4. g3 g6 5. Bg2 Bg7 6. O-O Nf6 7. c3 O-O 8. Re1 e5
9. a3 h6 10. b4 a6 11. Bb2 b5 12. Nbd2 Bd7 13. d4 c4 14. d5 Ne7 15. a4 Nh7 16.
Qc2 f5 17. exf5 gxf5 18. Nh4 Bf6 19. axb5 axb5 20. Rxa8 Qxa8 21. Ra1 Qb7 22. Qd1
Bxh4 23. gxh4 Nf6 24. Ra5 e4 25. Qe1 Nexd5 26. Bc1 Nf4 27. Bf1 N6d5 28. Nxc4
bxc4 29. Bxf4 Nxf4 30. Qe3 Nd3 31. Ra7 f4 32. Qd4 Qc6 33. Bh3 Ne5 34. Bxd7 Nf3+
35. Kf1 Nxd4 36. Bxc6 Nxc6 37. Ra6 Ne5 38. Rxd6 Nd3 39. b5 f3 40. h3 Rf5 41. Rb6
Re5 0-1

[Event "FIDE World Cup 2023"]
[Site "Baku AZE"]
[Date "2023.07.31"]
[Round "1.2"]
[White "Fressinet, Laurent"]
[Black "Djabri, Massinas"]
[Result "1-0"]
[WhiteTitle "GM"]
[BlackTitle "FM"]
[WhiteElo "2652"]
[BlackElo "2231"]
[WhiteFideId "608742"]
[BlackFideId "7905726"]
[EventDate "2023.07.30"]
[EventType "k.o."]

1. d4 Nf6 2. Nf3 g6 3. g3 Bg7 4. Bg2 O-O 5. O-O d6 6. Nc3 Nbd7 7. a4 c5 8. a5 a6
9. dxc5 Nxc5 10. Be3 Qc7 11. Ra3 Bd7 12. Nd4 e5 13. Nb3 Nxb3 14. Bb6 Qc8 15.
Rxb3 Be6 16. Rb4 Re8 17. Be3 d5 18. Nxd5 Nxd5 19. Bxd5 Rd8 20. c4 Bf8 21. Rb3
Bxd5 22. cxd5 Qc4 23. Rd3 Bb4 24. Bb6 Rd6 25. Qa4 Rc8 26. Rfd1 h5 27. Be3 Qb5
28. Qxb5 axb5 29. Rb3 Rc4 30. Rxb4 1-0

[Event "FIDE World Cup 2023"]
[Site "Baku AZE"]
[Date "2023.07.31"]
[Round "1.2"]
[White "Balogun, Oluwafemi Daniel"]
[Black "Predke, Alexandr"]
[Result "0-1"]
[WhiteTitle "IM"]
[BlackTitle "GM"]
[WhiteElo "2235"]
[BlackElo "2651"]
[WhiteFideId "8501246"]
[BlackFideId "24107581"]
[EventDate "2023.07.30"]
[EventType "k.o."]

1. e4 c5 2. Nf3 e6 3. d4 cxd4 4. Nxd4 Nf6 5. Nc3 Nc6 6. Nxc6 bxc6 7. Bd3 d5 8.
O-O Bb4 9. e5 Nd7 10. Qg4 Bf8 11. Qf4 Rb8 12. a3 g6 13. Qg3 Bg7 14. Re1 O-O 15.
h4 c5 16. b3 f6 17. exf6 Qxf6 18. Bd2 Bb7 19. Nb5 e5 20. Rad1 Qb6 21. a4 e4 22.
a5 Qd8 23. Bf1 a6 24. Nc3 Bd4 25. Re2 Nf6 26. Bg5 Nh5 27. Qh3 Qd6 28. Rxd4 cxd4
29. Na4 Bc8 30. Qh1 Bg4 31. Rd2 e3 0-1

[Event "FIDE World Cup 2023"]
[Site "Baku AZE"]
[Date "2023.07.31"]
[Round "1.2"]
[White "Liang, Awonder"]
[Black "Karimov, Alisher"]
[Result "1/2-1/2"]
[WhiteTitle "GM"]
[BlackTitle "FM"]
[WhiteElo "2649"]
[BlackElo "2273"]
[WhiteFideId "2056437"]
[BlackFideId "14700280"]
[EventDate "2023.07.30"]
[EventType "k.o."]

1. c4 Nf6 2. Nc3 e5 3. Nf3 Nc6 4. g3 Bb4 5. Bg2 O-O 6. O-O Bxc3 7. bxc3 d6 8.
Rb1 Rb8 9. d3 Bg4 10. h3 Bd7 11. e4 Ne8 12. Nh4 Ne7 13. f4 c6 14. c5 dxc5 15.
fxe5 Be6 16. Be3 b6 17. Qc2 Nc7 18. d4 Qc8 19. g4 Ng6 20. Nf5 Qa6 21. Rf2 Qa3
22. Qc1 Nb5 23. Qxa3 Nxa3 24. Rd1 Nc4 25. Bc1 cxd4 26. cxd4 c5 27. d5 Bxf5 28.
exf5 Ngxe5 29. f6 Rfe8 30. fxg7 Nd6 31. Bf4 Rbd8 32. Bg5 Rc8 33. Bf4 Rcd8 34.
Re2 Ng6 35. Rxe8+ Nxe8 36. Bg3 Nd6 37. h4 Kxg7 38. h5 Ne7 39. Re1 Nec8 40. g5
Re8 41. Be5+ Kg8 42. Kf2 Nc4 43. Bf4 Rxe1 44. Kxe1 N8d6 45. Bf1 b5 46. Kd1 Ne4
47. Kc2 a6 48. Bd3 Ncd6 49. Kc1 c4 50. Bc2 b4 51. Be5 a5 52. Kd1 h6 53. gxh6 f5
54. Kc1 Kh7 55. Bf4 Nb5 56. Kb2 Nd4 57. Bxe4 fxe4 58. d6 a4 59. d7 a3+ 60. Kb1
Nc6 61. Bc1 Kg8 62. Ka1 Kh7 63. Kb1 Kg8 64. Ka1 Kh7 65. Kb1 Kg8 1/2-1/2

[Event "FIDE World Cup 2023"]
[Site "Baku AZE"]
[Date "2023.07.31"]
[Round "1.2"]
[White "Orozbaev, Eldiar"]
[Black "Gledura, Benjamin"]
[Result "1/2-1/2"]
[WhiteTitle "FM"]
[BlackTitle "GM"]
[WhiteElo "2281"]
[BlackElo "2645"]
[WhiteFideId "13802240"]
[BlackFideId "712779"]
[EventDate "2023.07.30"]
[EventType "k.o."]

1. e4 c6 2. d4 d5 3. exd5 cxd5 4. c4 Nf6 5. Nc3 g6 6. Qb3 Bg7 7. cxd5 O-O 8. Be2
Qb6 9. Bf4 Na6 10. Qxb6 axb6 11. d6 exd6 12. Nf3 Rd8 13. O-O Nc7 14. Rac1 h6 15.
Bc4 Be6 16. Bxe6 fxe6 17. Rfe1 g5 18. Bg3 Nh5 19. Rcd1 Kf7 20. Rd3 Nxg3 21. hxg3
b5 22. a3 Ra6 23. d5 Nxd5 24. Nxd5 exd5 25. Rxd5 b4 26. Rb5 bxa3 27. Rxb7+ Kg6
28. bxa3 d5 29. Re3 d4 30. Rd3 Bf6 31. g4 Rc8 32. Rd2 Rc4 33. Rb3 Rc1+ 34. Kh2
Rc3 35. Rd3 Kf7 36. Kg3 Rxd3 37. Rxd3 Rc6 38. Rd2 Rc3 39. Kh2 Rc4 40. Ra2 Ra4
41. Kg1 Ke6 42. Kf1 Kd5 43. Ke2 Be7 44. Kd3 Rc4 45. a4 Rc3+ 46. Ke2 d3+ 47. Kd1
Bb4 48. a5 Rc7 49. a6 Ra7 50. Ra4 Bc5 51. Kd2 Bxf2 52. Kxd3 Bb6 53. Nd4 Rd7 54.
Nf5 h5 55. Re4 hxg4 56. Re7 Rd8 57. Rb7 Kc5+ 58. Ke4 Ra8 59. Rg7 Rxa6 60. Rxg5
Ra4+ 61. Ke5 Bc7+ 62. Ke6 Re4+ 63. Kd7 Kb6 64. Rg6+ Kb7 65. Nd6+ Bxd6 66. Kxd6
Kc8 67. Rg8+ Kb7 68. Kd5 Re2 69. Rxg4 Kc7 70. g3 Kd7 71. Rg5 Rd2+ 72. Ke5 Ke7
73. Rf5 Rg2 74. Kf4 Ke6 75. g4 Rf2+ 76. Kg5 Rxf5+ 77. gxf5+ Kf7 78. f6 Kf8 79.
Kg6 Kg8 80. f7+ Kf8 81. Kf6 1/2-1/2

[Event "FIDE World Cup 2023"]
[Site "Baku AZE"]
[Date "2023.07.31"]
[Round "1.2"]
[White "Nguyen, Thai Dai Van"]
[Black "Zhang, Yuanchen"]
[Result "1-0"]
[WhiteTitle "GM"]
[BlackTitle "IM"]
[WhiteElo "2642"]
[BlackElo "2281"]
[WhiteFideId "358878"]
[BlackFideId "2611902"]
[EventDate "2023.07.30"]
[EventType "k.o."]

1. e4 e5 2. Nf3 Nc6 3. Bc4 Bc5 4. O-O Nf6 5. d3 d6 6. c3 O-O 7. Re1 a5 8. h3 h6
9. Bb5 Ba7 10. Be3 Ne7 11. Bxa7 Rxa7 12. d4 Ng6 13. Nbd2 Ra8 14. Qc2 Nh5 15.
Rad1 Nhf4 16. Bf1 h5 17. Kh2 h4 18. Nc4 Qf6 19. Ne3 Be6 20. Nf5 a4 21. c4 b6 22.
g3 hxg3+ 23. fxg3 Nh5 24. g4 Nhf4 25. g5 Qd8 26. dxe5 Qb8 27. exd6 cxd6 28. Qc3
f6 29. Nxd6 fxg5 30. Nxg5 Ra5 31. e5 Qd8 32. Nxe6 Nxe6 33. Qg3 Qg5 34. Bg2 Nxe5
35. Rd5 Rxd5 36. cxd5 Nf3+ 37. Bxf3 1-0

[Event "FIDE World Cup 2023"]
[Site "Baku AZE"]
[Date "2023.07.31"]
[Round "1.2"]
[White "El Jawich, Amro"]
[Black "Tari, Aryan"]
[Result "0-1"]
[WhiteTitle "FM"]
[BlackTitle "GM"]
[WhiteElo "2288"]
[BlackElo "2641"]
[WhiteFideId "5300380"]
[BlackFideId "1510045"]
[EventDate "2023.07.30"]
[EventType "k.o."]

1. e4 c5 2. Nc3 Nc6 3. Bb5 Nd4 4. Bc4 e6 5. Nge2 a6 6. Nxd4 cxd4 7. Ne2 b5 8.
Bb3 Bb7 9. d3 Bc5 10. O-O Ne7 11. f4 f5 12. Ng3 O-O 13. Kh1 Kh8 14. Bd2 Rf6 15.
a4 b4 16. Qe1 a5 17. Qf2 Rh6 18. Rae1 Ng8 19. h3 Qh4 20. Re2 Nf6 21. Be1 Ng4 22.
Qf3 Qf6 23. Bf2 Rf8 24. Kg1 Ne3 25. Rfe1 g5 26. fxg5 Qxg5 27. Nf1 fxe4 28. Qg3
Qxg3 29. Nxg3 Nxg2 30. Kxg2 exd3+ 31. Re4 d2 32. Rd1 Rg6 0-1

[Event "FIDE World Cup 2023"]
[Site "Baku AZE"]
[Date "2023.07.31"]
[Round "1.2"]
[White "Yakubboev, Nodirbek"]
[Black "Koniahli, Malek."]
[Result "1-0"]
[WhiteTitle "GM"]
[BlackTitle "FM"]
[WhiteElo "2640"]
[BlackElo "2296"]
[WhiteFideId "14203987"]
[BlackFideId "7603495"]
[EventDate "2023.07.30"]
[EventType "k.o."]

1. c4 e6 2. Nc3 d5 3. d4 Nf6 4. cxd5 exd5 5. Bg5 c6 6. e3 Be7 7. Bd3 O-O 8. Qc2
Nbd7 9. Nge2 Re8 10. Bh4 Nf8 11. f3 g6 12. O-O Ne6 13. Rad1 b5 14. Kh1 a6 15. a3
Bb7 16. b4 a5 17. Qb3 Bc8 18. Bf2 Ng7 19. e4 Be6 20. Qb2 axb4 21. axb4 dxe4 22.
fxe4 Ng4 23. Bg1 f5 24. d5 cxd5 25. Bxb5 Rb8 26. Bxe8 Rxb4 27. Qd2 Nxe8 28. Nd4
Rxd4 29. Qxd4 Bf6 30. Qc5 Bxc3 31. exf5 Bxf5 32. Qxc3 Nef6 33. h3 Ne4 34. Qe1
Ngf6 35. Rf3 Ng5 36. Ra3 Be4 37. Bd4 Nh5 38. Qe3 Ne6 39. Rda1 Nc7 40. Bb6 1-0

[Event "FIDE World Cup 2023"]
[Site "Baku AZE"]
[Date "2023.07.31"]
[Round "1.2"]
[White "Mwali, Chitumbo"]
[Black "Yilmaz, Mustafa"]
[Result "0-1"]
[WhiteTitle "IM"]
[BlackTitle "GM"]
[WhiteElo "2304"]
[BlackElo "2639"]
[WhiteFideId "8700265"]
[BlackFideId "6302718"]
[EventDate "2023.07.30"]
[EventType "k.o."]

1. c4 e5 2. g3 Nf6 3. Bg2 c6 4. d4 e4 5. Nc3 d5 6. cxd5 cxd5 7. Bg5 Bb4 8. Rc1
O-O 9. Nh3 h6 10. Bxf6 Qxf6 11. Nf4 Rd8 12. O-O Bxc3 13. Rxc3 Nc6 14. e3 Ne7 15.
f3 exf3 16. Bxf3 Qd6 17. Qb3 b6 18. Rfc1 Be6 19. Qa3 Qxa3 20. Rxa3 Rd7 21. Nxe6
fxe6 22. Bg4 Kf7 23. Rf1+ Nf5 24. Bxf5 exf5 25. Rxf5+ Ke6 26. Re5+ Kd6 27. Rc3
Rf8 28. b4 Rdd8 29. e4 dxe4 30. Re3 Rde8 31. R3xe4 Rxe5 32. dxe5+ Ke6 33. Re2
Rf5 34. Rc2 Rf7 35. Re2 Rd7 36. Kf2 Rd4 37. Rc2 Rxb4 38. Rc7 Rb2+ 39. Kf3 Rxa2
40. Rxg7 Kxe5 41. Rh7 Rxh2 42. Rxa7 Kd4 43. Rb7 Kc5 44. Rc7+ Kb4 45. Rh7 h5 46.
Kf4 Rh1 47. Kf3 Rh2 48. Kf4 b5 49. g4 h4 50. g5 Ka3 51. g6 b4 52. Rh5 b3 53. g7
Rf2+ 54. Ke5 Rg2 55. Kf6 b2 56. Ra5+ Kb4 57. Ra8 h3 58. Rh8 Rxg7 59. Kxg7 h2 60.
Rxh2 b1=Q 61. Rh6 Kc5 62. Rf6 Kd5 63. Rf7 Qg1+ 64. Kf8 Qg5 65. Rg7 Qd8+ 66. Kf7
Ke5 67. Rg6 Kf5 68. Rg7 Qh8 69. Rg8 Qh5+ 70. Ke7 Qh7+ 71. Kf8 Kf6 72. Rg6+ Kxg6 0-1

[Event "FIDE World Cup 2023"]
[Site "Baku AZE"]
[Date "2023.07.31"]
[Round "1.2"]
[White "Mamedov, Rauf"]
[Black "Lim, Zhuo Ren"]
[Result "1-0"]
[WhiteTitle "GM"]
[BlackTitle "FM"]
[WhiteElo "2636"]
[BlackElo "2310"]
[WhiteFideId "13401653"]
[BlackFideId "5702488"]
[EventDate "2023.07.30"]
[EventType "k.o."]

1. e4 e6 2. d4 d5 3. Nd2 c5 4. Ngf3 cxd4 5. Nxd4 Nf6 6. exd5 Nxd5 7. N2f3 Be7 8.
Bc4 O-O 9. O-O Nc6 10. c3 Nxd4 11. Nxd4 Bf6 12. Re1 a6 13. Qf3 Bxd4 14. cxd4 Nb4
15. Qc3 b5 16. Bb3 Nd5 17. Qg3 Bb7 18. Bg5 Qb8 19. Qh4 Qd6 20. Bc2 f5 21. Bb3 h6
22. Be7 Qxe7 23. Qxe7 Nxe7 24. Rxe6 Bd5 25. Rxe7 Bxb3 26. axb3 Rfe8 27. Re5 Rxe5
28. dxe5 Rc8 29. Kf1 Rc2 30. Rxa6 Rxb2 31. e6 Kf8 32. Ra7 Rb1+ 33. Ke2 Rb2+ 34.
Ke3 Rxb3+ 35. Kd4 Rb2 36. Rf7+ Ke8 37. Rxg7 Re2 38. Kd5 b4 39. Kd6 Rd2+ 40. Ke5 1-0

[Event "FIDE World Cup 2023"]
[Site "Baku AZE"]
[Date "2023.07.31"]
[Round "1.2"]
[White "Makoto, Rodwell"]
[Black "Abasov, Nijat"]
[Result "0-1"]
[WhiteTitle "IM"]
[BlackTitle "GM"]
[WhiteElo "2312"]
[BlackElo "2632"]
[WhiteFideId "11000120"]
[BlackFideId "13402960"]
[EventDate "2023.07.30"]
[EventType "k.o."]

1. Nf3 d5 2. c4 d4 3. g3 c5 4. b4 Qc7 5. d3 e5 6. bxc5 Bxc5 7. Bg2 Nf6 8. O-O
O-O 9. Nbd2 Re8 10. Nb3 Bf8 11. Rb1 h6 12. Bd2 Nc6 13. Na1 Bf5 14. Qb3 b6 15.
Nc2 Rad8 16. a3 e4 17. Nfe1 Qc8 18. Nb4 Ne5 19. Nd5 Nxd5 20. cxd5 exd3 21. exd3
Bh3 22. Qa4 Bxg2 23. Kxg2 Qa8 24. Kg1 Rxd5 25. Bf4 Ra5 26. Qxd4 Nc6 27. Qd7 Rxa3
28. Rc1 Bc5 29. Be3 Rd8 30. Qg4 Ne5 31. Qf5 Qd5 32. Bxc5 bxc5 33. Qe4 Rxd3 34.
Qxd5 R3xd5 35. Ra1 Ra8 36. Ra6 Rd1 37. f4 Ng4 38. Nf3 Rd3 39. h3 Ne3 40. Rc1 Nf5
41. Kf2 Rb8 42. Ra2 Nd6 43. Nd2 Rxd2+ 44. Rxd2 Ne4+ 45. Ke3 Nxd2 46. Kxd2 Rb3 0-1

[Event "FIDE World Cup 2023"]
[Site "Baku AZE"]
[Date "2023.07.31"]
[Round "1.2"]
[White "Durarbayli, Vasif"]
[Black "Figueredo Losada, Leonel"]
[Result "1-0"]
[WhiteTitle "GM"]
[BlackTitle "IM"]
[WhiteElo "2631"]
[BlackElo "2345"]
[WhiteFideId "13402935"]
[BlackFideId "3507971"]
[EventDate "2023.07.30"]
[EventType "k.o."]

1. e4 e5 2. Nf3 Nc6 3. Bb5 a6 4. Ba4 d6 5. O-O Bd7 6. c3 g6 7. d4 Bg7 8. h3 Nf6
9. Re1 O-O 10. Nbd2 exd4 11. cxd4 Nb4 12. Bxd7 Qxd7 13. Qb3 a5 14. a3 Nc6 15. d5
Nb8 16. Rb1 Na6 17. Qc2 a4 18. b4 axb3 19. Rxb3 Nc5 20. Rb4 Rfe8 21. Bb2 b6 22.
Re3 Nh5 23. Bxg7 Nxg7 24. Nh2 f5 25. Qc3 Qf7 26. Rf3 Qe7 27. exf5 Qe1+ 28. Nhf1
Nxf5 29. h4 Ng7 30. Rbf4 Qe5 31. Qc2 Rf8 32. Rxf8+ Rxf8 33. Rxf8+ Kxf8 34. Ne3
Qa1+ 35. Nb1 Qd4 36. g3 Ne8 37. Nc3 Ke7 38. h5 Kf7 39. Nb5 Qe5 40. hxg6+ hxg6
41. Kg2 Qa1 42. Ng4 Qe1 43. Ne3 Qa1 44. Qe2 Qe5 45. Qf3+ Qf6 46. Ng4 Qxf3+ 47.
Kxf3 Nd3 48. Ke4 Nc5+ 49. Kf4 Nd3+ 50. Ke4 Nc5+ 51. Ke3 Nd7 52. Kd4 Ke7 53. f4
Nb8 54. Ke4 Kd7 55. f5 gxf5+ 56. Kxf5 c6 57. Nc3 cxd5 58. Nxd5 Kc6 59. Nge3 Nd7
60. Ke6 Ne5 61. Nf5 Kc5 62. a4 Ng4 63. Nde3 Nxe3 64. Nxe3 Ng7+ 65. Kf7 Nh5 66.
g4 Nf4 67. Kf6 d5 68. Ke5 Ng6+ 69. Kf5 d4 70. Ng2 Ne7+ 71. Ke4 Kc4 72. Nf4 Nc8
73. Ke5 Ne7 74. Ke6 Nc6 75. g5 d3 76. Nxd3 Nd4+ 77. Kf6 Ne2 78. g6 Ng3 79. Nf4
Ne4+ 80. Ke5 1-0

[Event "FIDE World Cup 2023"]
[Site "Baku AZE"]
[Date "2023.07.31"]
[Round "1.2"]
[White "Roselli Mailhe, Bernardo"]
[Black "Meier, Georg"]
[Result "1/2-1/2"]
[WhiteTitle "IM"]
[BlackTitle "GM"]
[WhiteElo "2347"]
[BlackElo "2629"]
[WhiteFideId "3000028"]
[BlackFideId "4675789"]
[EventDate "2023.07.30"]
[EventType "k.o."]

1. d4 Nf6 2. c4 e6 3. Nf3 d5 4. Nc3 dxc4 5. e3 a6 6. a4 c5 7. Bxc4 Nc6 8. O-O
Be7 9. Qe2 cxd4 10. Rd1 e5 11. exd4 exd4 12. Nxd4 Nxd4 13. Qe5 Qd6 14. Qxd4 Qxd4
15. Rxd4 O-O 16. Be3 Be6 17. Ne4 Bxc4 18. Rxc4 Rfc8 19. Nxf6+ Bxf6 20. Rb4 Rc7
21. g3 Kf8 22. Kg2 Be7 23. Rb3 Ke8 24. Bf4 Rd7 25. Rc1 Kd8 26. Be3 f5 27. h4 g6
28. Bb6+ Ke8 29. Ba5 Bd8 30. Re1+ Kf7 31. Bxd8 Raxd8 32. Rb6 Rc8 33. Re3 Rc6 34.
Reb3 Rxb6 35. Rxb6 Re7 36. Kf3 Kg7 37. b3 Kh6 38. Rb4 Kh5 39. Rb6 Kh6 40. a5 Re5
41. b4 Re7 42. g4 Rf7 43. Kg3 fxg4 44. Kxg4 Rxf2 45. Rxb7 Rc2 46. Kg3 Rc3+ 47.
Kg4 Rc4+ 48. Kg3 Rc3+ 49. Kg4 Rc4+ 1/2-1/2

[Event "FIDE World Cup 2023"]
[Site "Baku AZE"]
[Date "2023.07.31"]
[Round "1.2"]
[White "Kuzubov, Yuriy"]
[Black "Tissir, Mohamed"]
[Result "1-0"]
[WhiteTitle "GM"]
[BlackTitle "IM"]
[WhiteElo "2628"]
[BlackElo "2347"]
[WhiteFideId "14112906"]
[BlackFideId "9000240"]
[EventDate "2023.07.30"]
[EventType "k.o."]

1. d4 d5 2. c4 dxc4 3. Nf3 Nf6 4. e3 e6 5. Bxc4 a6 6. O-O b5 7. Be2 Nbd7 8. a4
b4 9. b3 Bb7 10. Bb2 c5 11. Nbd2 Be7 12. Nc4 O-O 13. Nfe5 Rc8 14. Bf3 Bd5 15.
Rc1 Qc7 16. Qe2 Rfd8 17. Nd3 Qb8 18. dxc5 Bxf3 19. Qxf3 Nxc5 20. Nxc5 Rxc5 21.
Bxf6 Bxf6 22. Rfd1 Rcd5 23. e4 Rxd1+ 24. Rxd1 Bc3 25. g3 h6 26. Rd3 Qc7 27. Qd1
Rxd3 28. Qxd3 Kf8 29. Ne3 Qc8 30. Qd6+ Kg8 31. Kf1 Qb7 32. Qd8+ Kh7 33. Qd3 Kg8
34. Ke2 Qb6 35. Nc4 Qc7 36. h3 Qc5 37. g4 Qc7 38. Qd6 Qb7 39. f3 Qa7 40. Nb6 a5
41. Kd3 Qa6+ 42. Nc4 Qa7 43. Qb6 Qd7+ 44. Ke2 Qe7 45. Qf2 Qd8 46. f4 Bd4 47. Qg3
Bc3 48. h4 f5 49. gxf5 exf5 50. e5 Qd5 51. Qf3 Qd8 52. h5 Qh4 53. Ne3 Kh7 54.
Kd3 Qe1 55. Kc4 Bd2 56. Nxf5 Qc1+ 57. Kb5 Bxf4 58. Qe4 Kh8 59. Ne7 1-0

[Event "FIDE World Cup 2023"]
[Site "Baku AZE"]
[Date "2023.07.31"]
[Round "1.2"]
[White "Laohawirapap, Prin"]
[Black "Svane, Rasmus"]
[Result "1/2-1/2"]
[WhiteTitle "FM"]
[BlackTitle "GM"]
[WhiteElo "2353"]
[BlackElo "2625"]
[WhiteFideId "6205003"]
[BlackFideId "4657101"]
[EventDate "2023.07.30"]
[EventType "k.o."]

1. e4 e5 2. d4 exd4 3. Nf3 Nc6 4. Bc4 Nf6 5. e5 Ne4 6. Qe2 Nc5 7. c3 d3 8. Qe3
Be7 9. b4 Ne6 10. O-O d6 11. exd6 cxd6 12. Qxd3 O-O 13. Be3 Ne5 14. Nxe5 dxe5
15. Qe4 Qc7 16. Na3 Bd7 17. Nb5 Bxb5 18. Bxb5 Qxc3 19. a3 Bg5 20. Rfc1 Qb2 21.
Rab1 Qxa3 22. Bxg5 Nxg5 23. Qc2 a6 24. Rb3 Qxc1+ 25. Qxc1 axb5 26. h3 Ne6 27.
Qe3 f6 28. Qe4 Rf7 29. Kh2 Rd8 30. Ra3 g6 31. Ra5 Nd4 32. Ra3 Nc6 33. Qe2 Rd4
34. Qxb5 Rxb4 35. Qd5 Kg7 36. Ra8 Rd4 37. Qc5 Rd8 38. Ra2 Nd4 39. Qb6 Nc6 40.
Rb2 Rdd7 41. Ra2 h5 42. Ra8 Rf8 43. Ra2 Rff7 44. Ra8 Rf8 45. Ra2 1/2-1/2

[Event "FIDE World Cup 2023"]
[Site "Baku AZE"]
[Date "2023.07.31"]
[Round "1.2"]
[White "Ragger, Markus"]
[Black "Wageih, Kareim"]
[Result "1/2-1/2"]
[WhiteTitle "GM"]
[BlackTitle "IM"]
[WhiteElo "2624"]
[BlackElo "2369"]
[WhiteFideId "1610856"]
[BlackFideId "10604561"]
[EventDate "2023.07.30"]
[EventType "k.o."]

1. d4 Nf6 2. c4 c6 3. Nf3 d5 4. e3 Bg4 5. h3 Bh5 6. Nc3 e6 7. g4 Bg6 8. Ne5 Nbd7
9. Nxg6 hxg6 10. g5 Ng8 11. Qb3 Qb6 12. Qc2 Ne7 13. Bd2 Nf5 14. cxd5 exd5 15.
O-O-O Be7 16. Rg1 Nf8 17. Bd3 Nd6 18. Rg3 Ne6 19. f4 Qc7 20. Rdg1 O-O-O 21. f5
gxf5 22. Bxf5 Nxf5 23. Qxf5 Bd6 24. Rf3 g6 25. Qxf7 Qxf7 26. Rxf7 Rxh3 27. Rf6
Kd7 28. Rxg6 Rdh8 29. Kc2 Be7 30. Ne2 R3h7 31. Nf4 Nf8 32. Rh6 Rxh6 1/2-1/2

[Event "FIDE World Cup 2023"]
[Site "Baku AZE"]
[Date "2023.07.31"]
[Round "1.2"]
[White "Al Qudaimi, Basheer"]
[Black "Bjerre, Jonas Buhl"]
[Result "1/2-1/2"]
[WhiteTitle "IM"]
[BlackTitle "GM"]
[WhiteElo "2374"]
[BlackElo "2624"]
[WhiteFideId "9400346"]
[BlackFideId "1444948"]
[EventDate "2023.07.30"]
[EventType "k.o."]

1. e4 e5 2. Nf3 Nc6 3. Bb5 a6 4. Ba4 Nf6 5. Bxc6 dxc6 6. Nc3 Be6 7. O-O Bd6 8.
d3 O-O 9. h3 h6 10. Ne2 Nd7 11. Ng3 Re8 12. Nh2 Qh4 13. Ne2 Rad8 14. f4 exf4 15.
Bxf4 Bxf4 16. Rxf4 Qe7 17. Qd2 f5 18. exf5 Bxf5 19. Rxf5 Qxe2 20. Qc3 Qe6 21.
Rf2 Nf6 22. Nf3 Qd5 23. Nh4 Qg5 24. Nf5 Nd5 25. Qc4 Kh8 26. Qh4 Qxh4 27. Nxh4
Kg8 28. a4 a5 29. d4 Re4 30. Nf3 Rde8 31. Rd1 Nb6 32. Ra1 Nd5 33. c3 Re2 34. Kf1
Rxf2+ 35. Kxf2 Nf4 36. Kg3 Nh5+ 37. Kf2 Nf4 38. Kg3 Nh5+ 39. Kh4 Nf4 40. Kg3
Nh5+ 41. Kf2 Nf4 1/2-1/2